| Поле | Инд. | ПП | Название | Значение |
|---|---|---|---|---|
| Тип записи | a | |||
| Библиографический уровень | b | |||
| 001 | Контрольный номер | RU/IS/BASE/283875090 | ||
| 005 | Дата корректировки | 20200630193241.6 | ||
| 008 | Кодируемые данные | 20081229 | ||
| 040 | b | Код языка каталог. | rus | |
| e | Правила каталог. | PSBO | ||
| 041 | 0_ | a | Код языка текста | rus |
| 084 | a | Индекс другой классификации/Индекс ББК | 60.524.224.026; 60.84; 66.06 | |
| 100 | 1_ | a | Автор | Артюхина Е. В. |
| q | Полное имя | Артюхина Елена Владимировна | ||
| 245 | 10 | a | Заглавие | Информационное воздействие как основа властных отношений |
| 504 | a | Библиография | Библиогр. ссылки | |
| 650 | a | Основная рубрика | политика | |
| a | Основная рубрика | политология | ||
| a | Основная рубрика | социальное управление | ||
| a | Основная рубрика | социология | ||
| 653 | a | Ключевые слова | информационное воздействие | |
| a | Ключевые слова | информационные технологии | ||
| a | Ключевые слова | массовая коммуникация | ||
| a | Ключевые слова | социальные взаимодействия | ||
| a | Ключевые слова | прикладная политология | ||
| 773 | t | Заглавие источника | Вестник Московского университета. Серия 18, Социология и политология | |
| d | Дата издания источника | 2008 | ||
| g | Прочая информация | № 1. - С. 166 - 168 | ||
| w | Контрольный № источника | RU/IS/BASE/279889919 | ||
| 901 | t | Тип документа | b |